| 000 | 00682nam a2200229Ia 4500 | ||
|---|---|---|---|
| 005 | 20260601193250.0 | ||
| 008 | 260601s9999||||xx |||||||||||||| ||und|| | ||
| 020 |
_a978-981-97-5489-2 _qebk |
||
| 100 | _aCungeng Cao | ||
| 245 | 0 | _aKnowledge Science, Engineering and Management | |
| 250 | _a2024 | ||
| 260 |
_aHeidelberg, Germany _bSpringer Nature _c2024 |
||
| 440 | _aLecture Notes in Computer Science | ||
| 650 | _aComputer Science | ||
| 700 | _aHuajun Chen | ||
| 700 | _aJunaid Arshad | ||
| 700 | _aLiang Zhao | ||
| 700 | _aTaufiq Asyhari | ||
| 700 | _aYonghao Wang | ||
| 856 | _uhttps://link.springer.com/openurl?genre=book&isbn=978-981-97-5489-2 | ||
| 942 |
_cEB _2ddc |
||
| 999 |
_c56700 _d56700 |
||